OECD economic surveys

Αποθηκεύτηκε σε:
Λεπτομέρειες βιβλιογραφικής εγγραφής
Μορφή: Βιβλίο
Γλώσσα:Undetermined
Έκδοση: OECD 1981
Θέματα:
Ετικέτες: Προσθήκη ετικέτας
Δεν υπάρχουν, Καταχωρήστε ετικέτα πρώτοι!
Thư viện lưu trữ: Trung tâm Học liệu Trường Đại học Cần Thơ
LEADER 00391nam a2200157Ia 4500
001 CTU_96765
008 210402s9999 xx 000 0 und d
082 |a 330.9 
082 |b O.68 
245 0 |a OECD economic surveys 
260 |b OECD 
260 |c 1981 
650 |a Australia 
650 |x Economic policy 
904 |i Tuyến 
980 |a Trung tâm Học liệu Trường Đại học Cần Thơ